| 000 | 01097nam a22002777a 4500 | ||
|---|---|---|---|
| 001 | 000686 | ||
| 003 | DO-SdBPM | ||
| 005 | 20250224122525.0 | ||
| 007 | 000686 | ||
| 008 | 161111b2010 mx a ||||| |||| 00| 0 spa d | ||
| 020 | _a9786071108432 | ||
| 040 |
_aDO-SdBPM _bspa _cBPMSU |
||
| 082 | 4 |
_a 833.7 _bG864s 2010 _222 |
|
| 100 | 1 |
_aGrimm, Jacob Ludwig Karl, _d1785-1863. |
|
| 245 | 1 | 3 |
_aEl sastrecillo valiente y otros cuentos / _cJacob Ludwig Karl Grimm y Wilhelm Karl Grimm ; ilustraciónes de Zobeck. |
| 260 |
_aMéxico, D. F. : _bAlfaguara, _c2010. |
||
| 300 |
_a143 p. : _bil. ; _c19 cm. |
||
| 490 | 0 | _aAlfaguara infantil | |
| 500 | _aPara niños a partir de los 8 años. | ||
| 505 | 0 |
_tEl sastrecillo valiente -- _tHans el afortunado -- _tLa mesa, el burro y el palo -- _tEl agua de la vida -- _tLos seis sirvientes -- _tLos tres pelos del diablo -- _tBlanca Nieves y Rosa Roja -- _tRuiponces. |
|
| 650 | 4 | _aNovela infantil alemana | |
| 650 | 4 | _aCuentos infantiles alemanes | |
| 700 | 1 |
_a Grimm, Wilhelm Karl _eautor |
|
| 910 | _aVMateo V. Control de calidad. BPMSU | ||
| 942 |
_2ddc _cBK |
||
| 999 |
_c11908 _d11908 |
||